Aerodynamics, aeronautics, and flight mechanics / (Record no. 70636)

000 -LEADER
fixed length control field 00963pam a2200277 i 4500
001 - CONTROL NUMBER
control field 4171639
003 - CONTROL NUMBER IDENTIFIER
control field NUST - PNEC
005 - DATE AND TIME OF LATEST TRANSACTION
control field 20170116181144.0
008 - FIXED-LENGTH DATA ELEMENTS--GENERAL INFORMATION
fixed length control field 790301s1979 nyua b 001 0 eng
010 ## - LIBRARY OF CONGRESS CONTROL NUMBER
LC control number 79011073
020 ## - INTERNATIONAL STANDARD BOOK NUMBER
International Standard Book Number 0471030325
040 ## - CATALOGING SOURCE
Original cataloging agency DLC
Transcribing agency LIBRARY
Modifying agency DLC
050 00 - LIBRARY OF CONGRESS CALL NUMBER
Classification number TL570
Item number .M22
082 00 - DEWEY DECIMAL CLASSIFICATION NUMBER
Classification number 629.1323 MCC
100 1# - MAIN ENTRY--PERSONAL NAME
Personal name McCormick, Barnes Warnock,
Dates associated with a name 1926-
245 10 - TITLE STATEMENT
Title Aerodynamics, aeronautics, and flight mechanics /
Statement of responsibility, etc. Barnes W. McCormick.
260 ## - PUBLICATION, DISTRIBUTION, ETC.
Place of publication, distribution, etc. New York :
Name of publisher, distributor, etc. Wiley,
Date of publication, distribution, etc. c1979.
300 ## - PHYSICAL DESCRIPTION
Extent xvi, 652 p. :
Other physical details ill. ;
Dimensions 24 cm.
504 ## - BIBLIOGRAPHY, ETC. NOTE
Bibliography, etc. note Includes bibliographical references and index.
650 #0 - SUBJECT ADDED ENTRY--TOPICAL TERM
Topical term or geographic name entry element Aerodynamics.
General subdivision ME
650 #0 - SUBJECT ADDED ENTRY--TOPICAL TERM
Topical term or geographic name entry element Airplanes.
856 42 - ELECTRONIC LOCATION AND ACCESS
Materials specified Publisher description
Uniform Resource Identifier <a href="http://www.loc.gov/catdir/enhancements/fy0607/79011073-d.html">http://www.loc.gov/catdir/enhancements/fy0607/79011073-d.html</a>
856 41 - ELECTRONIC LOCATION AND ACCESS
Materials specified Table of contents only
Uniform Resource Identifier <a href="http://www.loc.gov/catdir/enhancements/fy0607/79011073-t.html">http://www.loc.gov/catdir/enhancements/fy0607/79011073-t.html</a>
906 ## - LOCAL DATA ELEMENT F, LDF (RLIN)
a 7
b cbc
c orignew
d 1
e ocip
f 19
g y-gencatlg
942 ## - ADDED ENTRY ELEMENTS (KOHA)
Source of classification or shelving scheme
Koha item type Book
Holdings
Withdrawn status Lost status Source of classification or shelving scheme Damaged status Not for loan Permanent Location Current Location Shelving location Date acquired Total Checkouts Full call number Barcode Date last seen Price effective from Koha item type
          Pakistan Navy Engineering College (PNEC) Pakistan Navy Engineering College (PNEC)       629.1323 MCC PNECLIB-009253 10/08/2015   Book
© 2023 Central Library, National University of Sciences and Technology. All Rights Reserved.